Le vrai noms des Super Héros ! - Statistiques

Statistiques générales
  • Ce quiz a été pris 131 fois
  • Le résultat moyen est 22 sur 46
Statistiques - réponses
Nom super héros Le vrai nom % Correct
Batman Bruce Wayne
93%
Iron Man Anthony « Tony » Stark
74%
Hulk Robert Bruce Banner
73%
Star Lord Peter Quill
70%
Spider-man Peter Parker
69%
Groot Groot
66%
Drax Drax le Destructeur
65%
Mantis Mantis
65%
Thor Thor Odinson
65%
Capitaine America Steve Rogers
64%
Rocket Rocket Raccoon
63%
Gamora Gamora Zen Whoberi Ben Titan
62%
Loki Loki Laufeyson
62%
Thanos Thanos
62%
Nébula Nébula
60%
Wanda Wanda Maximoff
56%
The Flash Barry Allen
55%
Black Widow Natasha Romanoff
53%
Black Panthère T'Challa
52%
Jessica Jones Jessica Jones
48%
Wonder Woman Princesse Diana
48%
Ant-Man Scott Edward Lang
48%
War Machine James « Jim » Rhodes
47%
Aquaman Arthur Curry
46%
Green Lantern Alan Scott
45%
Hawkeye Clint Barton
45%
Le Soldat de l'hiver James Barnes
45%
Wolverine James Howlett
44%
Superman Clark Joseph Kent
41%
Vénom Eddie Brock
41%
La Torche Humaine Jonathan « Johnny » Storm
41%
Faucon Samuel « Sam » Wilson
38%
Mr Fantastique Reed Richards
36%
Docteur Fatalis Victor von Fatalis
35%
Chose Benjamin « Ben » Grimm
33%
Daredevil Matthew Murdock
32%
Nick fury Nicholas Fury
32%
Vision Victor Shade
26%
The Punisher Frank Castle
25%
La femme invisible Jane Storm
25%
Jeune Panthère Shuri
25%
La Guepe Janet Van Dyne
24%
Magnéto Max Eisenhardt
22%
Crossbones Brock Rumlow «Frag »
17%
Tornade Ororo Munroe
17%
Homme-taupe Harvey Elder
7%
Aucun quiz correspondant
Distribution des résultats
% des personnes avec chaque résultat
Percentile par nombre de réponses
Votre historique - résultats
Vous n’avez pas pris ce quiz